| 000 | 01588ngm a22004690a 4500 | ||
|---|---|---|---|
| 001 | PT44953 | ||
| 003 | AR-LpoUNG | ||
| 005 | 20210201235948.0 | ||
| 007 | vd cvaizq | ||
| 008 | 191001s2005||||ag |||||||||||||||||spa d | ||
| 037 | _c$27 | ||
| 040 |
_aAR-LpoUNG _bspa _cAR-LpoUNG _eaacr |
||
| 041 | _aspa | ||
| 044 | _aag | ||
| 082 | 0 | _a940.531 8 199cai | |
| 100 | 1 | _aHirschbiegel, Oliver | |
| 245 | 1 | 3 | _aLa caída |
| 260 |
_aBuenos Aires : _bTranseuropa, _c[2005]. |
||
| 300 | _aDVD (150 min.) : son., col. | ||
| 520 | _aBasada en el libro del historiador Joachim Fest, `Der Untergang` y en las memorias de la secretaría de Hitler, Traudl Junge. La película relata los eventos de los últimos días de Hitler y su entorno, los cuales transcurrieron en el interior de un búnker subterráneo bajo las calles de Berlín, como así también los últimos días de los civiles y soldados que pelearon y murieron en la ciudad arrasada por el Ejército Ruso, decidido a convertir el lugar en una montaña de ruinas. | ||
| 650 | 4 | _aALEMANIA | |
| 650 | 4 | _aANALISIS HISTORICO | |
| 650 | 4 | _aAUTORITARISMO | |
| 650 | 4 | _aDICTADURA | |
| 650 | 4 | _aDISCRIMINACION RACIAL | |
| 650 | 4 | _aGENOCIDIO | |
| 650 | 4 | _aHISTORIA | |
| 650 | 4 | _aHISTORIA SOCIAL | |
| 650 | 4 | _aIDEOLOGIAS POLITICAS | |
| 650 | 4 | _aJEFES DE ESTADO | |
| 650 | 4 | _aJUDIOS | |
| 651 | 4 | _aEuropa | |
| 653 | _aCINE | ||
| 653 | _aCINE ALEMAN | ||
| 653 | _aCINE Y TOTALITARISMO | ||
| 653 | _aDOCUMENTALES | ||
| 653 | _aDVD | ||
| 653 | _aNAZISMO | ||
| 653 | _aVIDEOS | ||
| 905 | _a44953 | ||
| 942 | _cDVD | ||
| 999 |
_c53865 _d53865 |
||